| 000 | 00794nam a2200205 a 4500 | ||
|---|---|---|---|
| 003 | 0 | ||
| 005 | 20250619094619.0 | ||
| 008 | 021121s19uu xx 00 eng d | ||
| 050 |
_aPGS TP 248.23 _b.C828 2000 |
||
| 100 | _aCortes, Inez Chiara C. | ||
| 245 |
_aAwareness of selected people from Metro Manila, Batangas, Laguna & Cavity on biotechnology / _cInez Chiara C. Cortes. |
||
| 260 |
_aLas PiƱas City, Philippines : _bSouthville International School and Colleges, _c2000. |
||
| 300 |
_a87 pages : _bcolored illustrations ; _c28 cm. |
||
| 504 | _aIncludes bibliographical references. | ||
| 650 |
_aBiotechnology _vPublic opinion. |
||
| 650 |
_aBiotechnology _vSocial aspects. |
||
| 650 |
_aBiotechnology _vStudy and teaching. |
||
| 650 |
_aScience _vPublic opinion. |
||
| 942 |
_2lcc _cPASS |
||
| 999 |
_c96307 _d96307 |
||